10 pokemons capturables dans le plus de zones pour chaque génération. - Statistiques

Statistiques générales
  • Ce quiz a été pris 24 fois
  • Le résultat moyen est 21 sur 90
Statistiques - réponses
Nombre de zones Type de quiz Région Pokémon % Correct
260 Eau Kanto Magicarpe
100%
151 Eau Kanto Léviator
72%
88 Eau Kanto Poissirène
61%
134 Poison Kanto Tentacool
61%
74 Vol Kanto Nosférapti
56%
98 Poison Kanto Tentacruel
56%
97 Vol Hoenn Bekipan
50%
91 Vol Hoenn Goélise
50%
39 Insecte Johto Mimigal
50%
50 Eau Hoenn Wailmer
50%
69 Vol Johto Hoothoot
44%
69 Eau Kanto Krabby
44%
44 Electrique Sinnoh Lixy
44%
30 Glace Hoenn Stalgamin
44%
30 Insecte Hoenn Chenipotte
39%
47 Normal Sinnoh Keunotor
39%
97 Eau Kanto Psykokwak
39%
82 Eau Kanto Ptitard
39%
42 Eau Sinnoh Ecayon
33%
39 Electrique Johto Loupio
33%
13 Vol Kalos Passerouge
33%
68 Eau Kanto Ramoloss
33%
38 Eau Johto Remoraid
33%
61 Eau Unys Bargantua
28%
18 Feu Kalos Braisillon
28%
41 Electrique Johto Lanturn
28%
16 Dragon Kalos Mucuscule
28%
51 Insecte Johto Pomdepik
28%
20 Poison Kalos Venalgue
28%
49 Acier Sinnoh Archéomire
22%
27 Normal Alola Argouste
22%
29 Spectre Sinnoh Baudrive
22%
19 Combat Alola Crabagarre
22%
20 Eau Kalos Flingouste
22%
27 Eau Unys Mamanbo
22%
22 Normal Alola Manglouton
22%
43 Eau Johto Marill
22%
20 Spectre Alola Mimiqui
22%
27 Eau Unys Moyade
22%
59 Eau Sinnoh Mustébouée
22%
41 Vol Johto Noarfang
22%
14 Roche Paldéa Selutin
22%
17 Vol Kalos Sonistrelle
22%
27 Glace Unys Sorbébé
22%
18 Feu Alola Tritox
22%
39 Eau Unys Viskuse
22%
40 Ténèbres Hoenn Absol
17%
49 Sol Hoenn Barbicha
17%
56 Sol Hoenn Barloche
17%
12 Plante Kalos Brocélôme
17%
15 Plante Alola Mimantis
17%
37 Eau Sinnoh Mustéflott
17%
13 Electrique Paldéa Pohm
17%
18 Ténèbres Kalos Sépiatop
17%
21 Sol Alola Tiboudet
17%
30 Vol Hoenn Tylton
17%
18 Psy Galar Bibichut
11%
15 Combat Kalos Brutalibré
11%
11 Feu Paldéa Charbambin
11%
31 Normal Hoenn Chuchmur
11%
22 Eau Galar Embrochet
11%
22 Electrique Unys Emolga
11%
14 Dragon Galar Fantyrm
11%
21 Eau Alola Froussardine
11%
12 Poison Paldéa Germéclat
11%
16 Eau Galar Hastacuda
11%
27 Eau Galar Khélocrok
11%
13 Insecte Galar Larvadar
11%
12 Electrique Paldéa Pohmotte
11%
15 Roche Alola Rocabot
11%
31 Normal Galar Rongourmand
11%
23 Normal Galar Rongrigou
11%
40 Insecte Johto Scarhino
11%
11 Sol Paldéa Terracool
11%
11 Electrique Paldéa Têtampoule
11%
25 Eau Galar Torgamord
11%
16 Plante Galar Verpom
11%
34 Insecte Sinnoh Apitrini
6%
12 Normal Paldéa Compagnol
6%
21 Roche Unys Crabicoque
6%
13 Vol Paldéa Flamenroule
6%
22 Vol Unys Furaiglon
6%
13 Insecte Paldéa Gambex
6%
13 Eau Kalos Gamblast
6%
39 Normal Johto Insolourdo
6%
32 Psy Sinnoh Korillon
6%
51 Normal Unys Nanméouie
6%
15 Ténèbres Alola Rattatac d'Alola
6%
24 Ténèbres Unys Scalpion
6%
43 Normal Sinnoh Ptiravi
0%
Aucun quiz correspondant
Distribution des résultats
% des personnes avec chaque résultat
Percentile par nombre de réponses
Votre historique - résultats
Vous n’avez pas pris ce quiz